Rol' eksportera v formirovanii ceny vnešnetorgovogo kontrakta.

Špecifiká stanovenia kontraktných cien a úloha exportéra. Osobitosti pri stanovovaní ceny exportérom na základe nákladov výroby a vychádzajúc z trhových faktorov. Stanovovanie kontraktných cien vo Francúzsku. Zvláštnosti postupu pri zmene kontraktných cien.

Uložené v:
Podrobná bibliografia
Hlavný autor: Trušicyn, S.
Médium: Kapitola
Jazyk:Russian
Predmet:
Tagy: Pridať tag
Žiadne tagy, Buďte prvý, kto otaguje tento záznam!

MARC

LEADER 00000naa a2200000 4500
001 r005482
005 20221130103859.1
041 0 |a rus 
044 |a [SU] 
245 1 0 |a Rol' eksportera v formirovanii ceny vnešnetorgovogo kontrakta.  |c S. Trušicyn 
520 |a Špecifiká stanovenia kontraktných cien a úloha exportéra. Osobitosti pri stanovovaní ceny exportérom na základe nákladov výroby a vychádzajúc z trhových faktorov. Stanovovanie kontraktných cien vo Francúzsku. Zvláštnosti postupu pri zmene kontraktných cien. 
610 2 0 |a ceny kontraktné 
610 2 0 |a ceny zahraničnoobchodné 
610 2 0 |a vývoz 
100 1 |a Trušicyn, S.